Les 20 Jeux les plus vendus de la XBOX 360 - Statistiques

Statistiques générales
  • Ce quiz a été pris 49 fois
  • Le résultat moyen est 5 sur 20
Statistiques - réponses
Date Jeux % Correct
2013 Grand Theft Auto V
71%
2008 Grand Theft Auto IV
54%
2010 Call Of Duty Black Ops
46%
2007 Halo 3
44%
2009 Halo 3
44%
2009 Call Of Duty : Modern Warfare 2
34%
2012 Halo 4
34%
2011 Call Of Duty : Modern Warfare 3
29%
2006 Gears Of War
29%
2010 Red Dead Redemption
27%
2011 Skyrim
22%
2013 Call Of Duty :Ghosts
17%
2008 Call Of Duty : World At War
17%
2008 Gears Of War 2
17%
2011 Gears Of War 3
17%
2012 Call Of Duty : Black Ops II
15%
2007 Call Of Duty 4 : Modern Warfare
12%
2010 Halo : Reach
10%
2010 Kinect Adventures !
10%
2011 Battelfield 3
0%
Aucun quiz correspondant
Distribution des résultats
% des personnes avec chaque résultat
Percentile par nombre de réponses
Votre historique - résultats
Vous n’avez pas pris ce quiz